De mislukte bedevaart, (Record no. 4201)

MARC details
000 -LEADER
fixed length control field 00671cam a22002051 4500
001 - CONTROL NUMBER
control field af 48000771
003 - CONTROL NUMBER IDENTIFIER
control field DLC
005 - DATE AND TIME OF LATEST TRANSACTION
control field 20260227110845.0
008 - FIXED-LENGTH DATA ELEMENTS--GENERAL INFORMATION
fixed length control field 890619s1944 be a 000 1 dut c
010 ## - LIBRARY OF CONGRESS CONTROL NUMBER
LC control number af 48000771
035 ## - SYSTEM CONTROL NUMBER
System control number (OCoLC)19891926
040 ## - CATALOGING SOURCE
Original cataloging agency California. Univ. Libr.
Transcribing agency CU
Modifying agency DLC
042 ## - AUTHENTICATION CODE
Authentication code premarc
050 00 - LIBRARY OF CONGRESS CALL NUMBER
Classification number PT6407.B556
Item number M5
100 1# - MAIN ENTRY--PERSONAL NAME
Personal name Bogaerts, Théo,
Dates associated with a name 1893-
245 13 - TITLE STATEMENT
Title De mislukte bedevaart,
Remainder of title novellen.
Statement of responsibility, etc. Met teekeningen van Jan van Noten.
260 ## - PUBLICATION, DISTRIBUTION, ETC.
Place of publication, distribution, etc. Brussel,
Name of publisher, distributor, etc. Meddens
Date of publication, distribution, etc. [1944]
300 ## - PHYSICAL DESCRIPTION
Extent 172 p.
Other physical details illus.
Dimensions 23 cm.
505 0# - FORMATTED CONTENTS NOTE
Formatted contents note De bajadère.--De droeve historie van den klokkenluider.--De match van hun leven.--De mislukte bedevaart.

No items available.

Powered by Koha